000 00955nas a2200289 4500
001 BR2013009576
003 BR-BrBNA
005 20231205123309.0
007 ta
008 230509b bl.|||p| |||| 00| 00por d
040 _aBR-BrBNA
_bpor
_cBiblioteca Nacional de Agricultura
041 _a(En)
072 _aQ04
100 1 _aPrette, A.P.
100 1 _aAlmeida, F. de A.C.
100 1 _aVilla-vélez, H.A.
100 1 _aTelis-Romero, J.
245 1 _aThermodynamic properties of water sorption of jackfruit (Artocarpus heterophyllus Lam.)as a function of moisture content
650 _aANÁLISE FÍSICA
650 _aUMIDADE
650 _aTEMPERATURA
650 _aSORÇÃO
773 0 _tCiência e Tecnologia de Alimentos (Brazil)
_xISSN 1678-457X
_g(Jan-Mar 2013), v. 33(1) p. 199-208
_wBR2013009576
856 4 0 _uhttp://www.scielo.br/pdf/cta/v33n1/aop_cta_5802.pdf
909 _a202311
_bLúcia
_c55
_dLúcia Elande
942 _2AGRIS
_n0
_cANA
999 _c233178
_d233178